Statistiques concernant Liste des 23 - Equipe d'Allemagne - Coupe du monde 2018

Cliquez ici pour prendre le quiz!

Statistiques générales

  • Ce quiz a été pris 281 fois
  • Le résultat moyen est 14 sur 23

Statistiques - réponses

PosteNuméroJoueurs% Correct
G1Manuel Neuer
99%
D5Mats Hummels
91%
G22Marc-André ter Stegen
88%
A13Thomas Müller
88%
D17Jérôme Boateng
87%
D18Joshua Kimmich
84%
M8Toni Kroos
81%
A11Marco Reus
73%
G12Kévin Trapp
72%
M10Mezut Özil
72%
A9Timo Werner
67%
M6Sami Khedira
59%
D15Niklas Süle
54%
M7Julian Draxler
52%
M14Leon Goretzka
52%
D16Antonio Rüdiger
50%
A23Mario Gomez
47%
M21Ilkay Gündogan
45%
D3Jonas Hector
37%
M20Julian Brandt
35%
D4Matthias Ginter
29%
M19Sebastian Rudy
18%
D2Marvin Plattenhardt
12%

Distribution des résultats

Percentile par nombre de réponses

% des personnes avec chaque résultat

Votre développement - résultats

Vous n’avez pas pris ce quiz